Revitalizácia námestia v Modre
Uložené v:
| Hlavný autor: | |
|---|---|
| Ďalší autori: | |
| Médium: | Rukopis Kniha |
| Jazyk: | Slovak |
| Vydavateľské údaje: |
2020
|
| Predmet: | |
| On-line prístup: | http://is.stuba.sk/zp/portal_zp.pl?podrobnosti=143805 https://opac.crzp.sk/?fn=detailBiblioForm&sid=FD93F7145DB9686268D736EFB2D7 |
| Tagy: |
Žiadne tagy, Buďte prvý, kto otaguje tento záznam!
|
MARC
| LEADER | 00000ntm a22000003a 4500 | ||
|---|---|---|---|
| 001 | stuzp81231 | ||
| 003 | SK-STU | ||
| 005 | 20230516143049.7 | ||
| 007 | ta | ||
| 008 | 150427s2015----xo-----f-mn---000-0-slo-d | ||
| 040 | |a STU |b slo | ||
| 041 | 0 | |a slo | |
| 100 | 1 | |a Dvořák, René |u 010000 |4 aut |T SvF Stavebná fakulta |X 85403 |U V |Y 10 |7 85403 | |
| 242 | 0 | 1 | |a Revitalization of square in Modra |y eng |
| 245 | 1 | 0 | |a Revitalizácia námestia v Modre |
| 260 | |c 2020 | ||
| 650 | 4 | |a námestie |2 slo | |
| 650 | 4 | |a strom |2 slo | |
| 650 | 4 | |a dlažba |2 slo | |
| 650 | 4 | |a lavička |2 slo | |
| 650 | 4 | |a analýza |2 slo | |
| 650 | 4 | |a squeer |2 eng | |
| 650 | 4 | |a tree |2 eng | |
| 650 | 4 | |a paving |2 eng | |
| 650 | 4 | |a bench |2 eng | |
| 650 | 4 | |a analysis |2 eng | |
| 700 | 1 | |a Vaseková, Barbora |u 010160 |k Z3 |4 ths |U SvF Stavebná fakulta |T SvF Katedra vodného hospodárstva krajiny |X 62205 |U V160 |Y 16 |7 A000062205 | |
| 856 | 4 | |u http://is.stuba.sk/zp/portal_zp.pl?podrobnosti=143805 | |
| 856 | 4 | |u https://opac.crzp.sk/?fn=detailBiblioForm&sid=FD93F7145DB9686268D736EFB2D7 | |